000 01006nam a22003017a 4500
001 9708
003 FISKH
005 20260130093118.0
008 260130b cb ||||| |||| 00| 0 eng d
020 _a9788956353975
040 _aFISKH
_beng
_cFISKH
_dFISKH
050 _aPZ7
082 _a398.2
100 _aGrimm, Brothers
_eAuthor
245 _aThe queen bee /
_cBrothers Grimm ; series editor : Jason Wilburn , Ian Bosiak
260 _aSeoul :
_bXACT ,
_c2009
300 _a26 pages :
_bcolor illustrations ;
_c21 cm
490 _aMy first classic readers :
_vLevel 3-11
505 _aJ
520 _aA king tells his three sons each to follow a feather to their destiny. One son gets east. Another goes west. And, the third son goes... down into the sewer!?
521 8 _a500
_bLexile estimate
521 8 _aJ
_bRaz-Plus
650 _aKindness
_vPatience
650 _aMoral values
_vEmpathy
700 _aWilburn, Jason
_eSeries editor
942 _2ddc
_cBK
_n0
999 _c9708
_d9708